Welcome to CU Library Online Public Access Catalogue (OPAC)

Social stratification; (Record no. 2922)

MARC details
000 -LEADER
fixed length control field 00448nam a22001457a 4500
005 - DATE AND TIME OF LATEST TRANSACTION
control field 20250123124051.0
008 - FIXED-LENGTH DATA ELEMENTS--GENERAL INFORMATION
fixed length control field 250123b |||||||| |||| 00| 0 eng d
020 ## - INTERNATIONAL STANDARD BOOK NUMBER
International Standard Book Number 0813310644
050 ## - LIBRARY OF CONGRESS CALL NUMBER
Classification number HM146
Item number GRU
245 ## - TITLE STATEMENT
Title Social stratification;
Remainder of title Class, Race, and Gender in sociological perspective
Statement of responsibility, etc. edited by Grusky, David B.
260 ## - PUBLICATION, DISTRIBUTION, ETC.
Place of publication, distribution, etc. San Francisco
Name of publisher, distributor, etc. West View Press
Date of publication, distribution, etc. c1994
300 ## - PHYSICAL DESCRIPTION
Extent xv, 750p
700 ## - ADDED ENTRY--PERSONAL NAME
Personal name Grusky, David B.
942 ## - ADDED ENTRY ELEMENTS (KOHA)
Source of classification or shelving scheme Library of Congress Classification
Koha item type Books
Suppress in OPAC No
999 ## -
-- 2922
-- 2922
Holdings
Withdrawn status Lost status Source of classification or shelving scheme Damaged status Not for loan Collection Home library Current library Shelving location Date acquired Total checkouts Full call number Barcode Date last seen Copy number Price effective from Koha item type
    Library of Congress Classification     Non-fiction Undergraduate Library (Christ Temple) Undergraduate Library (Christ Temple) General stacks 01/23/2025   HM146 GRU ulct00000886 01/23/2025 1 01/23/2025 Books
© 2023-2024 Copyright: Central University Libraries. All Rights Reserved | Created by: Mahone Tech Office